000 00693nam a2200241Ia 4500
003 OSt
005 20220926014521.0
006 a|||||r|||| 00| 0
007 ta
008 220923b |||||||| |||| 00| 0 eng d
037 _cGeneral Book
040 _aRTL
_cRTL
_beng
041 _2eng
_aeng
082 _aY9(X9), K8
100 _aFaunce William A
_9320770
245 0 _aProblems of an industrial society
260 _aNew York
_bMcGraw-Hill
_c1968
300 _axiv, 189p
_ccm.
490 _aMcGraw-Hill Problems Series. Ed by Marvin B Sussman
650 _aIndustrial Sociology
942 _hY9(X9), K8
_cGB
_2CC
999 _c629262
_d629262